000 00381nam a2200157Ia 4500
008 230711s9999||||xx |||||||||||||| ||und||
041 _aENG
082 _a621.381
_bPE-S
100 _aPetruzella,Frank
245 0 _aEssentails of electronics : a survey
250 _a1st
260 _c1993
_aNew York
_bGlencoe
300 _a593
650 _aElectronics Engineering
942 _cBK
999 _c3358
_d3358